NBA Top 5 Scorers per team 2022-23 - Statistics

General Stats
  • This quiz has been taken 232 times
  • The average score is 94 of 150
Answer Stats
Hint Answer % Correct
33 Joel Embiid
98%
31.3 Giannis Antetokounmpo
95%
21.7 James Harden
95%
27.5 Donovan Mitchell
93%
26.5 Jaylen Brown
93%
30.2 Jayson Tatum
93%
24.4 Zach LaVine
93%
25.1 DeMar DeRozan
91%
27.1 Ja Morant
91%
19.8 Jrue Holiday
91%
22 Jimmy Butler
90%
23 Kawhi Leonard
90%
29.5 LeBron James
90%
10.1 Patrick Williams
90%
12.9 Jalen Williams
89%
23.3 LaMelo Ball
89%
33.4 Luka Doncic
89%
23.3 Paul George
89%
15.2 Tobias Harris
89%
27 Trae Young
89%
26.1 Anthony Davis
88%
22 Darius Garland
88%
19.9 Tyrese Maxey
88%
21.2 Bam Adebayo
87%
29.7 Kevin Durant
87%
24.5 Nikola Jokic
87%
29.4 Stephen Curry
87%
14.7 Brook Lopez
86%
25.5 De'Aaron Fox
86%
21.2 Dejounte Murray
86%
21.7 Jalen Green
86%
20.2 Jamal Murray
86%
16.7 Jaren Jackson Jr.
86%
14.7 Jarrett Allen
86%
9.1 Josh Green
86%
27.1 Kyrie Irving
86%
10.1 Seth Curry
86%
10.5 Grayson Allen
84%
20.4 Tyler Herro
84%
32.3 Damian Lillard
83%
18.9 Domantas Sabonis
83%
11.9 Derrick White
82%
27 Devin Booker
82%
15.9 Evan Mobley
82%
25.3 Julius Randle
82%
20.1 Tyrese Haliburton
82%
22.1 Klay Thompson
81%
25.2 Lauri Markkanen
81%
19.9 Paolo Banchero
81%
23.9 Jalen Brunson
80%
25 Pascal Siakam
80%
21.3 Desmond Bane
79%
15.9 Russell Westbrook
79%
31 Shai Gilgeous-Alexander
79%
17.7 Nikola Vucevic
78%
11.4 Marcus Smart
77%
17.2 Michael Porter Jr.
77%
24.6 Anthony Edwards
76%
21 Jordan Poole
76%
19 Kevin Porter Jr.
76%
22.9 Bradley Beal
75%
21.1 CJ McCollum
75%
17.2 Mikal Bridges
75%
16.9 Aaron Gordon
74%
13.5 Chris Paul
74%
13.1 Eric Gordon
74%
19.3 Fred VanVleet
74%
13.6 Rudy Gobert
73%
22.8 Kristaps Porzingis
72%
17.1 Andrew Wiggins
71%
21.1 Anfernee Simons
71%
18.5 DeAndre Ayton
71%
19.4 RJ Barrett
70%
21.4 Terry Rozier
68%
15 Harrison Barnes
67%
13 John Collins
67%
21.8 Keldon Johnson
67%
15.4 Scottie Barnes
67%
18.1 Myles Turner
66%
14.4 Dillon Brooks
65%
14.5 Bogdan Bogdanovic
64%
10 Brandon Clarke
64%
17.9 D'Angelo Russell
64%
12 Kyle Lowry
64%
18.7 Franz Wagner
62%
17.4 Buddy Hield
61%
20.9 Jordan Clarkson
61%
16.2 Josh Giddey
61%
21.5 Kyle Kuzma
60%
9.3 Herbert Jones
58%
14.6 Malcolm Brogdon
58%
12.5 Tre Jones
58%
14 Bobby Portis
57%
20.7 Jerami Grant
56%
16.6 Norman Powell
56%
14.2 Jonas Valanciunas
55%
14.7 Kevin Huerter
55%
13.8 Jusuf Nurkic
54%
11.6 Caris LeVert
53%
14.7 Gordon Hayward
53%
15.6 De'Andre Hunter
52%
12.3 Nicolas Claxton
52%
12.2 Cole Anthony
51%
13.7 Malik Monk
51%
13.9 Tim Hardaway Jr.
51%
14.3 Collin Sexton
50%
15.4 Jaden Ivey
50%
17.7 Spencer Dinwiddie
50%
15.3 PJ Washington
49%
13.3 Markelle Fultz
48%
12.2 Max Strus
48%
16.6 OG Anunoby
48%
15 Wendall Carter
48%
13 Immanuel Quickley
46%
14.8 Alperen Sengun
44%
17.4 Christian Wood
44%
14.2 Lugentz Dort
42%
9.5 Josh Hart
41%
12 Marcus Morris Sr.
41%
10.4 Monte Morris
41%
20.1 Kelly Oubre Jr.
40%
12 Kenyon Martin Jr.
40%
12.1 Jakob Poeltl
39%
12.9 Lonnie Walker IV
38%
16.9 Bennedict Mathurin
36%
11 Cam Thomas
35%
14.8 Saddiq Bey
35%
18.2 Gary Trent Jr.
34%
11.4 John Wall
32%
12.6 Dennis Schroder
31%
11.5 Jaden McDaniels
30%
10.3 De'Anthony Melton
29%
9.3 Donte DiVincenzo
29%
10.5 Jeremy Sochan
29%
12.7 Trey Murphy
29%
10 Quinten Grimes
28%
9.2 Ayo Dosunmu
27%
13.4 Malik Beasley
26%
11.3 Isaiah Stewart
25%
12 Kelly Olynyk
25%
11.5 Cameron Payne
24%
12.1 Bones Hyland
21%
9.6 Aaron Nesmith
19%
12.8 Alec Burks
11%
11.5 Josh Richardson
11%
9.3 Cody Kispert
10%
9.2 Isaiah Joe
9%
9.5 Naji Marshall
6%
10.9 Jaylen Nowell
5%
21.6 Bojan Bodganovic
3%
No matching quizzes found
Score Distribution
Percent of People with Each Score
Percentile by Number Answered
Your Score History
You have not taken this quiz